Nauka słowek po angielsku - Statystyki

Ogólne statystyki
  • Ten quiz został rozwiązany 65 razy
  • Średni wynik to 3 z 24
Statystyki odpowiedzi
Angielski Polski % Poprawnych
accent akcent
79%
motivate motywować
34%
assistance pomoc/wsparcie
32%
practise ćwiczyć
26%
assignment zadanie/zadana praca
25%
high expectations wysokie oczekiwania
19%
leave a school skończyć szkołe
17%
school certificate świadectwo szkolne
17%
attend (school) chodzić do (szkoły)
15%
improve your grades poprawić oceny
15%
have a conversation prowadzić rozmowę
13%
strict surowy
13%
do a project wykonać projekt
9%
supervise nadzorować
8%
distance learning nauczanie zdalne
8%
concentrate skupić się
6%
do research wyszukać informacje
4%
fall behind with schoolwork mieć zaległości w nauce
2%
get better poprawić się
2%
express yourself wysłowić się
2%
learn a new skill nabywać nową umiejętnąść
0%
video conferencing app oprogramowanie do wideokonferencji
0%
native speaker rodzimy użytkownik języka
0%
gain knowledge zdowywać wiedzę
0%
Nie znaleziono quizów pasujących do podanych kryteriów
Rozkład punktacji
Procent ludzi z każdym wynikiem
Percentyl według liczby udzielonych odpowiedzi
Twoja historia wyników
Nie rozwiązałeś tego quizu